000 01316nam a2200385 c 4500
999 _c49102
_d49102
001 49102
003 ES-MaCES
005 20190510040009.0
008 170329s2016 sp 000 | spa d
017 _aAB 564-2016
_bDL
020 _a9788416608522
040 _aES-MaCES
_bspa
_cES-MaCES
100 1 _917775
_aMartínez Barroso, María de los Reyes
245 1 0 _aSujetos responsables de los incumplimientos en materia preventiva
_cMaría de los Reyes Martínez Barroso
250 _a1ª ed
260 _aAlbacete
_bBomarzo
_c2016
300 _a192 p.
_c24 cm
490 1 _aColección Estudios
541 _cCompra
650 4 _aseguridad en el trabajo
_928348
650 4 _asalud en el trabajo
_928347
650 4 _aresponsabilidad del empleador
_930146
650 4 _aresponsabilidad del Estado
_931208
650 4 _aresponsabilidad civil
_929046
650 4 _aactitud de los trabajadores
_928365
650 4 _arepresentante de los trabajadores
_928374
650 4 _alegislación de seguridad social
_929855
650 4 _aderecho del trabajo
_927165
650 4 _aEspaña
_926964
650 4 _arégimen jurídico
_929894
653 1 0 _aDerecho del trabajo y Seguridad Social
830 0 _aColección Estudios (Editorial Bomarzo)
_939568
902 _aLIB Libro
942 _2CES
_cBK
_h6.0.1.